| 000 | 00703nam a22002418a 4500 | ||
|---|---|---|---|
| 003 | OCoLC | ||
| 005 | 20150907083100.0 | ||
| 008 | 930326s1993 nyu 000 1 eng | ||
| 010 | _a93-19368 | ||
| 020 | _a0399138994 | ||
| 035 | _a5386256 | ||
| 040 |
_aDLC _cDLC _dIOU _dOSU |
||
| 050 | 0 | 0 |
_aPS 3561.O55 _b.K82 1993 |
| 100 | 1 |
_aKoontz, Dean Ray, _d1945- |
|
| 245 | 1 | 0 |
_aMr. Murder / _cDean Koontz. |
| 260 |
_aNew York : _bG.P. Putnam's Sons, _c1993. |
||
| 300 |
_a481 pages ; _c22 cm. |
||
| 650 | 0 |
_aDangerously mentally ill _zUnited States _xFiction. |
|
| 650 | 0 |
_aFamily _zUnited States _xFiction. |
|
| 650 | 0 | _aDetective and mystery stories. | |
| 740 | 1 | _aMister Murder. | |
| 942 |
_2lcc _cBK _kFOR |
||
| 999 |
_c288618 _d288618 |
||